Films sur la Seconde Guerre Mondiale - Statistiques

Statistiques générales
  • Ce quiz a été pris 176 fois
    130 depuis la dernière actualisation
  • Le résultat moyen est 21 sur 109
Statistiques - réponses
Films % Correct
Il faut sauver le soldat Ryan
72%
La Liste de Schindler
69%
La Vie est belle
49%
La Grande Vadrouille
47%
Dunkerque
45%
Le Pianiste
45%
Fury
43%
Le garçon au pyjama rayé
39%
Le jour le plus long
39%
Pearl Harbor
38%
Stalingrad
38%
Tu ne tueras point
37%
La Chute
33%
La Rafle
33%
Un sac de billes
31%
Inglourious Basterds
28%
Midway
28%
Imitation Game
25%
Les Heures Sombres
25%
Un pont trop loin
24%
Walkyrie
23%
Amen
22%
Au nom de tous les miens
22%
Au revoir les enfants
22%
L'armée des ombres
22%
La voleuse de livre
22%
Oppenheimer
22%
1941
21%
Captain America
21%
La grande évasion
21%
Le Dictateur
21%
Le vieux fusil
21%
Nuit et Brouillard
21%
La ligne rouge
20%
Le Fils de Saul
20%
Lettres d'Iwo Jima
20%
Mais où est donc passée la 7ème compagnie...
20%
HHhH
19%
La Bataille des Ardennes
19%
La Zone d'intérêt
19%
Shoah
19%
Sophie Scholl : Les derniers jours
19%
Une Vie
19%
Cheval de guerre
18%
Empire du Soleil
18%
Les femmes de l'ombre
18%
Le voyage de Fanny
18%
Sobibor
18%
De Gaulle
17%
Elle s'appelait Sarah
17%
La Bataille du Rail
17%
L'armée du crime
17%
La Vache et le Prisonnier
17%
Les Rescapés de Sobibor
17%
Monuments Men
17%
Paris brûle-t-il ?
17%
Le silence de la mer
16%
Les Insurgés
16%
Liberté
16%
Mémoires de nos pères
16%
Overlord
16%
Bienvenue en Sicile
15%
Effroyables jardins
15%
Hannah Arendt
15%
L'aigle s'est envolé
15%
L'Ami retrouvé
15%
Une affaire de femmes
15%
Et le ciel s'assombrit
14%
Invincible
14%
La Mélodie du Bonheur
14%
Le banquier de la résistance
14%
Le Journal d'Anne Frank
14%
Lidice
14%
La Verte moisson
13%
L'Enclos
13%
Rommel, le guerrier d'Hitler
13%
Bastogne
12%
Jojo Rabbit
12%
Les Faussaires
12%
Windtalkers : Les messagers du vent
12%
Indigènes
11%
La dame d'Izieu
11%
Tobrouk, commando vers l'enfer
11%
USS Greyhound : La Bataille de l'Atlantique
10%
93, Rue Lauriston
9%
Blanche et Marie
9%
Cours sans te retourner
9%
Crimes de guerre
9%
Elser, un héros ordinaire
9%
Farway : Les soldats de l'espoir
9%
La Bataille de Bloody Beach
9%
La Bataille de Brest-Litovsk
9%
La femme du gardien du zoo
9%
Churchill
8%
Dresde
8%
Le photographe de Mauthausen
8%
Requiem pour un massacre
8%
The Catcher Was a Spy
8%
The Reader
8%
Kapo
7%
Sept Hommes à l'aube
7%
Un amour en Allemagne
7%
City of Life and Death
6%
Riphagen
6%
Saints and Soldiers
6%
Section spéciale
6%
Un ami viendra ce soir
6%
L'enfant de Bunchenwald
5%
Les héros de Westerplatte
2%
Aucun quiz correspondant
Distribution des résultats
% des personnes avec chaque résultat
Percentile par nombre de réponses
Votre historique - résultats
Vous n’avez pas pris ce quiz depuis la dernière actualisation